Statystyki dla Skład mistrzów europy z 2000 roku.

Kliknij tutaj aby rozwiązać quiz!

Ogólne statystyki

  • Ten quiz został rozwiązany 52 razy
  • Średni wynik to 7 z 11

Statystyki odpowiedzi

#Zawodnikpozycja% Poprawnych
12Thierry HenryLP
94%
10Zinedine ZidaneŚPO
94%
16Fabien BarthezBR
90%
15Lilian ThuramPO
75%
8Marcel DesaillyŚO
71%
5Laurent BlancŚO
69%
7Didier DeschampsŚPD
67%
3Bixentw LizarazuLO
63%
4Patrick VieiraŚPD
52%
6Youri DjorkaeffPP
27%
21Christophe DugarryN
15%

Rozkład punktacji

Percentyl według liczby udzielonych odpowiedzi

Procent ludzi z każdym wynikiem

Twoja historia wyników

Nie rozwiązałeś tego quizu